<?xml version="1.0" encoding="UTF-8"?>
<record
    xmlns:xsi="http://www.w3.org/2001/XMLSchema-instance"
    xsi:schemaLocation="http://www.loc.gov/MARC21/slim http://www.loc.gov/standards/marcxml/schema/MARC21slim.xsd"
    xmlns="http://www.loc.gov/MARC21/slim">

  <leader>02132nam a22002417a 4500</leader>
  <controlfield tag="001">9145</controlfield>
  <controlfield tag="003">FISKH</controlfield>
  <controlfield tag="005">20251125151249.0</controlfield>
  <controlfield tag="008">251125b        cb ||||| |||| 00| 0 eng d</controlfield>
  <datafield tag="020" ind1=" " ind2=" ">
    <subfield code="a">2007050012975</subfield>
  </datafield>
  <datafield tag="040" ind1=" " ind2=" ">
    <subfield code="a">FISKH</subfield>
    <subfield code="b">khr</subfield>
    <subfield code="c">FISKH</subfield>
    <subfield code="d">FISKH</subfield>
  </datafield>
  <datafield tag="082" ind1=" " ind2=" ">
    <subfield code="a">839.833</subfield>
  </datafield>
  <datafield tag="100" ind1=" " ind2=" ">
    <subfield code="a">Parrot, Stephen </subfield>
  </datafield>
  <datafield tag="245" ind1=" " ind2=" ">
    <subfield code="a">&#x1796;&#x1796;&#x1780;&#x178A;&#x17CF;&#x17A2;&#x179F;&#x17D2;&#x1785;&#x17B6;&#x179A;&#x17D2;&#x1799;&#x1793;&#x17C5;&#x179B;&#x17BE;&#x1797;&#x17D2;&#x1793;&#x17C6;&#x1794;&#x17BC;&#x1780;&#x1782;&#x17C4;&#x200B; : </subfield>
    <subfield code="b">Touching the clouds : A Bokor Story / </subfield>
    <subfield code="c">Story by Stephen Parrot </subfield>
  </datafield>
  <datafield tag="260" ind1=" " ind2=" ">
    <subfield code="a">Phnom Penh : </subfield>
    <subfield code="b">Save Cambodia's Wildlife , </subfield>
    <subfield code="c">2004.</subfield>
  </datafield>
  <datafield tag="300" ind1=" " ind2=" ">
    <subfield code="a">36 pages : </subfield>
    <subfield code="b">color illustrations ; </subfield>
    <subfield code="c">21 X 30 cm . </subfield>
  </datafield>
  <datafield tag="520" ind1=" " ind2=" ">
    <subfield code="a">&#x179F;&#x17C0;&#x179C;&#x1797;&#x17C5;&#x1793;&#x17C1;&#x17C7;&#x1782;&#x17BA;&#x1787;&#x17B6;&#x179F;&#x17D2;&#x1793;&#x17B6;&#x178A;&#x17C3;&#x1791;&#x17B8; &#x17E8;&#x179A;&#x1794;&#x179F;&#x17CB;&#x17A2;&#x1784;&#x17D2;&#x1780;&#x1780;&#x17B6;&#x179A;&#x179F;&#x1784;&#x17D2;&#x1782;&#x17D2;&#x179A;&#x17C4;&#x17C7;&#x179F;&#x178F;&#x17D2;&#x179C;&#x1796;&#x17D2;&#x179A;&#x17C3; &#x178A;&#x17C2;&#x179B;&#x1794;&#x1784;&#x17D2;&#x1780;&#x17BE;&#x178F;&#x17A1;&#x17BE;&#x1784;&#x1780;&#x17D2;&#x1793;&#x17BB;&#x1784;&#x1782;&#x17C4;&#x179B;&#x1794;&#x17C6;&#x1793;&#x1784;&#x17A2;&#x17C4;&#x1799;&#x1794;&#x17D2;&#x17A2;&#x17BC;&#x1793;&#x17D7;&#x1780;&#x17CF;&#x178A;&#x17BC;&#x1785;&#x1787;&#x17B6;&#x1798;&#x17B7;&#x178F;&#x17D2;&#x178F;&#x17A2;&#x17D2;&#x1793;&#x1780;&#x17A2;&#x17B6;&#x1793;&#x1791;&#x17B6;&#x17C6;&#x1784;&#x17A2;&#x179F;&#x17CB;&#x1785;&#x17BC;&#x179B;&#x179A;&#x17BD;&#x1798;&#x1780;&#x17D2;&#x1793;&#x17BB;&#x1784;&#x1780;&#x17B6;&#x179A;&#x1780;&#x17B6;&#x179A;&#x1796;&#x17B6;&#x179A; &#x17A2;&#x1797;&#x17B7;&#x179A;&#x1780;&#x17D2;&#x179F; &#x1796;&#x17D2;&#x179A;&#x17C3;&#x1788;&#x17BE;&#x1793;&#x17B7;&#x1784;&#x179F;&#x178F;&#x17D2;&#x179C;&#x1796;&#x17D2;&#x179A;&#x17C3; &#x178A;&#x17C2;&#x179B;&#x1787;&#x17B6;&#x179F;&#x1798;&#x17D2;&#x1794;&#x178F;&#x17D2;&#x178F;&#x17B7;&#x1792;&#x1798;&#x17D2;&#x1798;&#x1787;&#x17B6;&#x178F;&#x17B7;&#x178A;&#x17CF;&#x1790;&#x17D2;&#x179B;&#x17C3;&#x1790;&#x17D2;&#x179B;&#x17B6;&#x179A;&#x1794;&#x179F;&#x17CB;&#x1794;&#x17D2;&#x179A;&#x1791;&#x17C1;&#x179F;&#x1799;&#x17BE;&#x1784;&#x200B; &#x17D4; &#x1787;&#x17B6;&#x1796;&#x17B7;&#x179F;&#x17C1;&#x179F;&#x1780;&#x17B6;&#x179A;&#x1787;&#x17BD;&#x1799;&#x1790;&#x17C2;&#x179A;&#x1780;&#x17D2;&#x179F;&#x17B6;&#x1794;&#x179A;&#x17B7;&#x179F;&#x17D2;&#x1790;&#x17B6;&#x1793;&#x1793;&#x17C5;&#x1787;&#x17BB;&#x17C6;&#x179C;&#x17B7;&#x1789;&#x1797;&#x17D2;&#x1793;&#x17C6;&#x1794;&#x17BC;&#x1780;&#x1782;&#x17C4; &#x1796;&#x17D2;&#x179A;&#x17C4;&#x17C7;&#x179F;&#x1796;&#x17D2;&#x179C;&#x1790;&#x17D2;&#x1784;&#x17C3;&#x1793;&#x17C1;&#x17C7;&#x1796;&#x17D2;&#x179A;&#x17C3;&#x1788;&#x17BE;&#x1793;&#x17B7;&#x1784;&#x179F;&#x178F;&#x17D2;&#x179C;&#x1796;&#x17D2;&#x179A;&#x17C3;&#x1780;&#x17C6;&#x1796;&#x17BB;&#x1784;&#x178F;&#x17C2;&#x1794;&#x17B6;&#x178F;&#x17CB;&#x1794;&#x1784;&#x17CB;&#x1794;&#x1793;&#x17D2;&#x178F;&#x17B7;&#x1785;&#x1798;&#x17D2;&#x178F;&#x1784;&#x17D7;&#x1791;&#x17C5;&#x17A0;&#x17BE;&#x1799; &#x17D4; </subfield>
  </datafield>
  <datafield tag="520" ind1=" " ind2=" ">
    <subfield code="a">This book is the eighth publication of the &#x201C;Save Cambodia&#x2019;s Wildlife&#x201D; organization. It was created with the goal of encouraging children as well as all readers to take part in protecting and conserving forests and wildlife, which are our nation&#x2019;s precious natural resources. In particular, it aims to promote the preservation of the environment around Bokor Mountain, because today our forests and wildlife are gradually disappearing.</subfield>
  </datafield>
  <datafield tag="700" ind1=" " ind2=" ">
    <subfield code="a">Bondol</subfield>
    <subfield code="e">Illustrator </subfield>
  </datafield>
  <datafield tag="700" ind1=" " ind2=" ">
    <subfield code="a">Vutha , Tor</subfield>
    <subfield code="e">Illustrator </subfield>
  </datafield>
  <datafield tag="942" ind1=" " ind2=" ">
    <subfield code="2">ddc</subfield>
    <subfield code="c">KHB</subfield>
    <subfield code="n">0</subfield>
  </datafield>
  <datafield tag="999" ind1=" " ind2=" ">
    <subfield code="c">9145</subfield>
    <subfield code="d">9145</subfield>
  </datafield>
  <datafield tag="952" ind1=" " ind2=" ">
    <subfield code="0">0</subfield>
    <subfield code="1">0</subfield>
    <subfield code="2">ddc</subfield>
    <subfield code="4">0</subfield>
    <subfield code="7">0</subfield>
    <subfield code="8">Khmer-English Bilingual </subfield>
    <subfield code="a">002</subfield>
    <subfield code="b">002</subfield>
    <subfield code="c">SKB</subfield>
    <subfield code="d">2025-11-25</subfield>
    <subfield code="l">0</subfield>
    <subfield code="o">PAR 839.833</subfield>
    <subfield code="p">2025-4902</subfield>
    <subfield code="r">2025-11-25 15:12:46</subfield>
    <subfield code="w">2025-11-25</subfield>
    <subfield code="y">KHB</subfield>
  </datafield>
</record>
